000
00311 a2200133 4500
000
nam a22 7a 4500
005
20260129142739.0
020
_a
9781394294411
100
_a
Kerzner, Harold
_9
1112727
245
_a
Project Management Case Studies
250
_a
7
260
_b
Wiley
_c
2024
942
_c
TEXL
999
_c
1678360
_d
1678360